000 00734cam a22002293a 4500
001 24043
003 PGUSA
005 20140828083520.0
008 071226s2007||||xxu|||||s|||||000 1 eng d
040 _aPGUSA
_beng
042 _adc
050 4 _aPT
100 1 _aRilke, Rainer Maria,
_d1875-1926
245 1 0 _aDie Weise von Liebe und Tod des Cornets Christoph Rilke
_h[electronic resource] /
_cRainer Maria Rilke
260 _bProject Gutenberg,
_c2007
506 _aPublic domain in the USA.
516 _aElectronic text
653 _aEurope -- History -- Ottoman Wars -- 4th Austrian Ottoman War, 1663-1664 -- Fiction
830 0 _aProject Gutenberg
_v24043
856 4 0 _uhttp://www.gutenberg.org/ebooks/24043
942 _cEB
999 _c253298
_d253298